Statistics for Food Idioms

Click here to take the quiz!

General Stats

  • This quiz has been taken 105 times
  • The average score is 19 of 29

Answer Stats

DefinitionFood% Correct
Someting very easy to do.I thought the test was hard, but it was a piece of {cake}.
95%
To be upset about something that happened in the past.There's no use crying over spilled {milk}.
94%
Something is not to your interests or tastes.I don't like him. He's not my cup of {tea}.
93%
When someone says something exaggerated.You have to take everything he says with a pinch of {salt}.
93%
A person that is adored by someone.Jessica is the {apple} of her father's eye.
91%
To want more than one can handle or deserves.You can't have your {cake} and eat it too.
86%
To earn money to live.His wife knows how to bring home the {bacon}.
84%
Very relaxed.Cynthia is always cool as a {cucumber}.
81%
A person who is often in trouble.My little brother's best friend is a bad {seed}.
81%
To rely on one single thing or option.She's always putting all of her {eggs} in one basket.
81%
The best.My team is the {cream} of the crop.
80%
A very intelligent person.Elizabeth is one smart {cookie}.
79%
Difficult to understand (often a person).James is a hard {nut} to crack.
79%
To be pregnant.Jan can't drink. She has a {bun} in the oven.
79%
To make something more exciting.I wanted to {spice} things up in my boring marriage.
71%
A small amount of hair.Except for a bit of {peach} fuzz, the baby came out bald.
64%
Someone involved in many activities.She's got her finger in every {pie}.
60%
A person with red or orange hair.Simon is the first {ginger} I've ever gone out with.
55%
The basic things you need to survive.Teaching is my {bread} and {butter}.
54%
To urge someone to do something.They tried to {egg} us on but we didn't want to fight.
54%
To use your brain.This quiz is difficult. You'll need to really use your {noodle}.
53%
To be extra nice to someone.{Butter} Angie up before you give her the bad news.
51%
Extremely good pay for minimal work.Microsoft is hiring and I want to get on that {gravy} train.
50%
Something that you buy which turns out to have problems.The used car he bought was a {lemon}.
50%
Very important person (VIP).Not only did she work at the company, she was the big {cheese} herself.
35%
To have a lot of silly energy.The kids were full of {beans} after the circus.
33%
Something really cheap.Cellphones these days are cheap as {chips}.
30%
To be silly, inferior or cheap or chintzy.The movie's special effects are {cheesy} and unconvincing
20%
To be very cold.I froze my {buns} off at the ice rink.
9%

Score Distribution

Percentile by Number Answered

Percent of People with Each Score

Your Score History

You have not taken this quiz